000 00646nam a2200241Ia 4500
003 OSt
005 20220918203425.0
006 a|||||r|||| 00| 0
007 ta
008 220917b |||||||| |||| 00| 0 eng d
024 _a108,196
037 _cTextual
040 _aARTS
_cARTS
_beng
041 _2eng
_aeng
082 _aV4498-542.K5<- J1, M6
100 _aPiers P E
_9108506
245 0 _aCeylon and the Portuguess 1505-1658
260 _aDelhi
_bSri Satguru
_c1986
300 _ax, 290p.
_ccm.
650 _aHISTORY
942 _hV4498-542.K5<- J1, M6
_cTEXL
_2CC
999 _c231550
_d231550